Fundamentals of molecular biology / (Record no. 480059)

000 -LEADER
fixed length control field 01448cam a22003617a 4500
001 - CONTROL NUMBER
control field 16069942
003 - CONTROL NUMBER IDENTIFIER
control field ASAB
005 - DATE AND TIME OF LATEST TRANSACTION
control field 20180827062627.0
008 - FIXED-LENGTH DATA ELEMENTS--GENERAL INFORMATION
fixed length control field 100126s2009 ii af b 001 0 eng d
010 ## - LIBRARY OF CONGRESS CONTROL NUMBER
LC control number 2010275154
020 ## - INTERNATIONAL STANDARD BOOK NUMBER
International Standard Book Number 9780195697810
020 ## - INTERNATIONAL STANDARD BOOK NUMBER
International Standard Book Number 0195697812
035 ## - SYSTEM CONTROL NUMBER
System control number (OCoLC)ocn368051039
040 ## - CATALOGING SOURCE
Original cataloging agency BTCTA
Transcribing agency ASAB
Modifying agency YDXCP
-- BWX
-- NUI
-- GUA
-- DLC
042 ## - AUTHENTICATION CODE
Authentication code lccopycat
050 00 - LIBRARY OF CONGRESS CALL NUMBER
Classification number QH506
Item number .P28 2009
082 00 - DEWEY DECIMAL CLASSIFICATION NUMBER
Classification number 572.8
Edition number 22
100 1# - MAIN ENTRY--PERSONAL NAME
Personal name Pal, Jayanta K.
9 (RLIN) 1756
245 10 - TITLE STATEMENT
Title Fundamentals of molecular biology /
Statement of responsibility, etc. Jayanta K. Pal, Saroj S. Ghaskadbi.
260 ## - PUBLICATION, DISTRIBUTION, ETC.
Place of publication, distribution, etc. New Delhi :
Name of publisher, distributor, etc. Oxford University Press,
Date of publication, distribution, etc. 2009.
300 ## - PHYSICAL DESCRIPTION
Extent xiv, 374 p., 20 p. of plates :
Other physical details ill. (some col.) ;
Dimensions 24 cm.
490 1# - SERIES STATEMENT
Series statement Oxford higher education
504 ## - BIBLIOGRAPHY, ETC. NOTE
Bibliography, etc. note Includes bibliographical references and index.
650 #0 - SUBJECT ADDED ENTRY--TOPICAL TERM
Topical term or geographic name entry element Molecular biology.
9 (RLIN) 1757
700 1# - ADDED ENTRY--PERSONAL NAME
Personal name Ghaskadbi, Saroj S.
9 (RLIN) 1758
830 #0 - SERIES ADDED ENTRY--UNIFORM TITLE
Uniform title Oxford higher education.
9 (RLIN) 1759
856 42 - ELECTRONIC LOCATION AND ACCESS
Materials specified Contributor biographical information
Uniform Resource Identifier <a href="http://www.loc.gov/catdir/enhancements/fy1005/2010275154-b.html">http://www.loc.gov/catdir/enhancements/fy1005/2010275154-b.html</a>
856 42 - ELECTRONIC LOCATION AND ACCESS
Materials specified Publisher description
Uniform Resource Identifier <a href="http://www.loc.gov/catdir/enhancements/fy1005/2010275154-d.html">http://www.loc.gov/catdir/enhancements/fy1005/2010275154-d.html</a>
856 41 - ELECTRONIC LOCATION AND ACCESS
Materials specified Table of contents only
Uniform Resource Identifier <a href="http://www.loc.gov/catdir/enhancements/fy1005/2010275154-t.html">http://www.loc.gov/catdir/enhancements/fy1005/2010275154-t.html</a>
906 ## - LOCAL DATA ELEMENT F, LDF (RLIN)
a 7
b cbc
c copycat
d 2
e ncip
f 20
g y-gencatlg
942 ## - ADDED ENTRY ELEMENTS (KOHA)
Source of classification or shelving scheme
Koha item type Book
Holdings
Withdrawn status Lost status Source of classification or shelving scheme Damaged status Not for loan Collection code Permanent Location Current Location Date acquired Total Checkouts Full call number Barcode Date last seen Price effective from Koha item type
            Atta-ur-Rahman School of Applied Biosciences (ASAB) Atta-ur-Rahman School of Applied Biosciences (ASAB) 06/16/2017   572.8 PAL ASAB3214 06/16/2017 06/16/2017 Book
            Atta-ur-Rahman School of Applied Biosciences (ASAB) Atta-ur-Rahman School of Applied Biosciences (ASAB) 06/16/2017   572.8 PAL ASAB3212 06/25/2018 06/16/2017 Book
            Atta-ur-Rahman School of Applied Biosciences (ASAB) Atta-ur-Rahman School of Applied Biosciences (ASAB) 04/07/2016   572.8 PAL ASAB3213 04/07/2016 04/07/2016 Book
            Atta-ur-Rahman School of Applied Biosciences (ASAB) Atta-ur-Rahman School of Applied Biosciences (ASAB) 04/07/2016   572.8 PAL ASAB3211 04/07/2016 04/07/2016 Book
            Atta-ur-Rahman School of Applied Biosciences (ASAB) Atta-ur-Rahman School of Applied Biosciences (ASAB) 04/07/2016   572.8 PAL ASAB3210 06/16/2017 04/07/2016 Book
© 2023 Central Library, National University of Sciences and Technology. All Rights Reserved.